Curso elemental de matemáticas superiores / (Record no. 123589)
[ view plain ]
| 000 -LEADER | |
|---|---|
| campo de control de longitud fija | 01447nam a2200313 i 4500 |
| 001 - NÚMERO DE CONTROL | |
| campo de control | 123589 |
| 003 - IDENTIFICADOR DE NÚMERO DE CONTROL | |
| campo de control | ES-MaACL |
| 005 - FECHA Y HORA DE LA ÚLTIMA TRANSACCIÓN | |
| campo de control | 20250903011200.0 |
| 007 - CAMPO FIJO DE DESCRIPCIÓN FÍSICA--INFORMACIÓN GENERAL | |
| campo de control de longitud fija | t| |
| 008 - DATOS DE LONGITUD FIJA--INFORMACIÓN GENERAL | |
| campo de control de longitud fija | 070214m19741980sp r ||||1| spa d |
| 100 1# - ENTRADA PRINCIPAL--NOMBRE DE PERSONA | |
| Nombre de persona | Quinet, Jean. |
| 9 (RLIN) | 94645 |
| 245 10 - MENCIÓN DEL TÍTULO | |
| Título | Curso elemental de matemáticas superiores / |
| Mención de responsabilidad, etc. | J. Quinet ; prólogo de R. Barthélemy ; traducción de Félix Vidondo Morrás, Carlos San Antonio Monsell, Angel Calavia Jaime. |
| 260 ## - PUBLICACIÓN, DISTRIBUCIÓN, ETC. | |
| Lugar de publicación, distribución, etc. | Madrid : |
| Nombre del editor, distribuidor, etc. | Paraninfo, |
| Fecha de publicación, distribución, etc. | 1974-1980. |
| 300 ## - DESCRIPCIÓN FÍSICA | |
| Extensión | 4 v. ; |
| Dimensiones | 22 cm. |
| 490 1# - MENCIÓN DE SERIE | |
| Mención de serie | Politécnica |
| 505 8# - NOTA DE CONTENIDO CON FORMATO | |
| Nota de contenido con formato | Contiene: Tomo II. Desarrollos en serie, cálculo de complejos, cálculo diferencial y aplicaciones. Tomo III. Cálculo integral y primeras aplicaciones. Tomo IV. Continuación del cálculo integral y aplicaciones. Tomo V. Ecuaciones diferenciales y sus aplicaciones |
| 650 07 - PUNTO DE ACCESO ADICIONAL DE MATERIA--TÉRMINO DE MATERIA | |
| Término de materia o nombre geográfico como elemento de entrada | Matemáticas |
| Fuente del encabezamiento o término | embne |
| 9 (RLIN) | 14814 |
| 700 1# - ENTRADA AGREGADA--NOMBRE PERSONAL | |
| Nombre de persona | Barthélemy, R. |
| 9 (RLIN) | 26122 |
| 700 1# - ENTRADA AGREGADA--NOMBRE PERSONAL | |
| Nombre de persona | Vidondo Morrás, Félix. |
| 9 (RLIN) | 114553 |
| 700 1# - ENTRADA AGREGADA--NOMBRE PERSONAL | |
| Nombre de persona | San Antonio Monsell, Carlos. |
| 9 (RLIN) | 102228 |
| 700 1# - ENTRADA AGREGADA--NOMBRE PERSONAL | |
| Nombre de persona | Calavia Jaime, Angel. |
| 9 (RLIN) | 33556 |
| 740 0# - ENTRADA AGREGADA--TÍTULO RELACIONADO/ANALÍTICO NO CONTROLADO | |
| Título relacionado o analítico no controlado | Desarrollos en serie, cálculo de complejos, cálculo diferencial y aplicaciones. |
| 740 0# - ENTRADA AGREGADA--TÍTULO RELACIONADO/ANALÍTICO NO CONTROLADO | |
| Título relacionado o analítico no controlado | Cálculo integral y primeras aplicaciones. |
| 740 0# - ENTRADA AGREGADA--TÍTULO RELACIONADO/ANALÍTICO NO CONTROLADO | |
| Título relacionado o analítico no controlado | Continuación del cálculo integral y aplicaciones. |
| 740 0# - ENTRADA AGREGADA--TÍTULO RELACIONADO/ANALÍTICO NO CONTROLADO | |
| Título relacionado o analítico no controlado | Ecuaciones diferenciales y sus aplicaciones. |
| 830 0# - PUNTO DE ACCESO ADICIONAL DE SERIE-TÍTULO UNIFORME | |
| Título uniforme | Politécnica |
| 9 (RLIN) | 218948 |
| 852 ## - LOCALIZACIÓN | |
| Ubicación | ES-MaACL |
| Número de control de estantería | P-1814 |
| Estatus retirado | Estado de pérdida | Estado de daño | No para préstamo | Biblioteca de origen | Biblioteca actual | Ubicación en estantería | Fecha de adquisición | Fuente de adquisición | Total de préstamos | Signatura topográfica completa | Código de barras | Visto por última vez | Precio de reemplazo | Tipo de ítem Koha |
|---|---|---|---|---|---|---|---|---|---|---|---|---|---|---|
| Biblioteca del Ateneo de Madrid | Biblioteca del Ateneo de Madrid | Depósito 2 | 17/01/2008 | P-1814 | 1128765 | 23/02/2023 | 23/02/2023 | Libro impreso |
